10 přírodních zákonů managementu času a života osvědčené strategie pro zvýšení vaší produktivity a dosažení vnitřního míru

Saved in:
Bibliographic Details
Main Author: Smith, Hyrum W.
Other Authors: Konvička, Martin
Format: Book
Language:Czech
Published: Praha PRAGMA 1998
Subjects:
Tags: Add Tag
No Tags, Be the first to tag this record!

MARC

LEADER 00000nam$a2200000$$$4500
001 0022329
005 20221129101326.3
020 |a 80-7205-587-9 
041 0 |a cze 
044 |a CZ 
245 1 0 |a 10 přírodních zákonů managementu času a života  |b osvědčené strategie pro zvýšení vaší produktivity a dosažení vnitřního míru  |c Hyrum W. Smith ; překlad: Martin Konvička 
264 1 |a Praha  |b PRAGMA  |c 1998 
300 |a 247 s. 
610 2 0 |a riadenie času 
610 2 0 |a manažment času 
610 2 0 |a organizácia času 
610 2 0 |a plánovanie 
610 2 0 |a správanie 
610 2 0 |a sebapoznanie 
610 2 0 |a sebariadenie 
610 2 0 |a psychológia 
100 1 |a Smith, Hyrum W. 
700 1 |a Konvička, Martin